000 00875nam a2200265Ia 4500
003 OSt
005 20220926004929.0
006 a|||||r|||| 00| 0
007 ta
008 220923b |||||||| |||| 00| 0 eng d
020 _a9780761970552
_c1442.49
037 _b198, 12/12/2007, Bharatiya Sahitya Bhavana
_cGeneral Book
040 _aRTL
_cRTL
_beng
041 _2eng
_aeng
082 _aX:3M24xM18:g(Y), P6/TD
100 _aMorrison Ken
245 0 _aMarx Durkheim Weber
_b Formations of modern social thought
250 _a2nd
260 _a New Delhi
_bSage Pub.
_c2006
300 _axiii, 465p
_ccm.
500 _aBibliography P 448-457; Glossary P 387-447
650 _aSociolology
_9230864
942 _hX:3M24xM18:g(Y), P6/TD
_cGB
_2CC
999 _c612654
_d612654